Non Destructive Testing Methods and its Applications in Aviation Industry (Record no. 326476)
[ view plain ]
| 000 -LEADER | |
|---|---|
| fixed length control field | 00357 a2200133 4500 |
| 001 - CONTROL NUMBER | |
| control field | 91403 |
| 082 ## - DEWEY DECIMAL CLASSIFICATION NUMBER | |
| Classification number | PR 1299 |
| 090 ## - LOCALLY ASSIGNED LC-TYPE CALL NUMBER (OCLC); LOCAL CALL NUMBER (RLIN) | |
| -- | 43533 |
| -- | 43532 |
| 100 ## - MAIN ENTRY--PERSONAL NAME | |
| Personal name | Azhar Naeem; |
| 245 ## - TITLE STATEMENT | |
| Title | Non Destructive Testing Methods and its Applications in Aviation Industry |
| Number of part/section of a work | 49 "A" EC |
| 260 ## - PUBLICATION, DISTRIBUTION, ETC. | |
| Place of publication, distribution, etc. | Karachi |
| Name of publisher, distributor, etc. | NED University |
| 300 ## - PHYSICAL DESCRIPTION | |
| Extent | 75p |
| 500 ## - GENERAL NOTE | |
| General note | BE Project Reporsts |
| 942 ## - ADDED ENTRY ELEMENTS (KOHA) | |
| Institution code [OBSOLETE] | CAE NUST |
| Call number prefix | PR 1299 |
| Withdrawn status | Lost status | Damaged status | Not for loan | Collection code | Permanent Location | Current Location | Date acquired | Total Checkouts | Full call number | Barcode | Date last seen | Price effective from | Koha item type |
|---|---|---|---|---|---|---|---|---|---|---|---|---|---|
| College of Aeronautical Engineering (CAE) | College of Aeronautical Engineering (CAE) | 04/03/2017 | PR 1299 | CAEPR-1299 | 04/05/2017 | 04/05/2017 | Book |
